000 00698nam a22002175i 4500
001 177762
003 ES-MaACL
005 20250822062559.0
008 110419s1926 sp |||| | spa d
080 _a159.9(035)
100 1 _aBrentano, Franz.
_931597
245 1 0 _aPsicología /
_cFrancisco Brentano ; traducción del alemán por José Gaos.
260 _aMadrid :
_bRevista de Occidente,
_c[1926]
300 _a228 p. ;
_c18 cm.
490 1 _aNuevos hechos, nuevas ideas ;
_v13
650 0 7 _aPsicología
_2embne
_916540
700 1 _aGaos, José.
_953902
830 1 _aNuevos hechos, nuevas ideas ;
_v13
_9184426
852 _aES-MaACL
_jE-14961
_xOlim P-209
999 _c177762
_d177762